Statistics for Wisconsin- True or False?

Click here to take the quiz!

General Stats

  • This quiz has been taken 79 times
  • The average score is 10 of 15

Answer Stats

QuestionAnswer% Correct
The capital of Wisconsin is MadisonTrue
98%
Madison is the most populous city in WisconsinFalse
95%
Wisconsin is known as "America's dairyland"True
94%
Almost all of Wisconsin's natural lakes have resulted from glaciersTrue
91%
The state animal of Wisconsin is the cowFalse
88%
Wisconsin is home to the "Waterpark Capital of the World"True
86%
The first ice cream sundae was created in this state in the 1880'sTrue
80%
Milwaukee County has the largest shoreline of any county in the USFalse
69%
The first kindergarten was started in this stateTrue
68%
Wisconsin is the leading producer of Ginseng in the USTrue
58%
About 1/3 of all Americans live within 500 miles of WisconsinTrue
52%
Green Bay is known as the "Toilet Paper Capital" of the worldTrue
52%
Wisconsin was the 21st state admitted to the UnionFalse
46%
The state flag was adopted in 1863 and has not been changed sinceFalse
32%
There are more than 2 million deer in the stateFalse
12%

Score Distribution

Percentile by Number Answered

Percent of People with Each Score

Your Score History

You have not taken this quiz